50 Persone più importanti del XX secolo - Statistics

Statistiche generali
  • Questo quiz è stato fatto 260 volte
  • Il punteggio medio è 31 su 51
Statistiche sulle risposte
Anno di Nascita Descrizione Nome % Corretto
1881 Artista (Guernica, Cubismo) Pablo Picasso
94%
1878 Leader comunista sovietico (Seconda Guerra Mondiale) Joseph Stalin
93%
1869 Leader indiano (indipendenza dell'India, non violenza) Mahatma Gandhi
93%
1856 Fondatore della psicoanalisi Sigmund Freud
93%
1883 Leader fascista italiano (Seconda Guerra Mondiale) Benito Mussolini
91%
1870 Rivoluzionario comunista (fondatore dello stato sovietico) Vladimir Lenin
91%
1879 Fisico (Teoria della relatività) Albert Einstein
88%
1874 Primo ministro britannico (Seconda Guerra Mondiale) Winston Churchill
88%
1889 Leader nazista Austriaco (Seconda Guerra Mondiale) Adolf Hitler
87%
1918 Leader anti-apartheid (presidente Sudafrica) Nelson Mandela
81%
1867 Scienziata (radioattività) Marie Curie
80%
1930 Astronauta (primo uomo sulla Luna) Neil Armstrong
79%
1940 Calciatore brasiliano (considerato il più grande di tutti i tempi) Pelé
79%
1940 Cantante e attivista (The Beatles, Imagine) John Lennon
77%
1963 Giocatore di basket (leggenda NBA) Michael Jordan
75%
1893 Leader cinese (fondatore della Repubblica Popolare Cinese) Mao Zedong
73%
1946 Cantante (membro dei Queen, leggenda della musica) Freddie Mercury
72%
1863 Imprenditore automobilistico (organizzazione scientifica del lavoro) Henry Ford
71%
1929 Attivista per i diritti civili (I Have a Dream) Martin Luther King Jr.
71%
1904 Fisico (padre della bomba atomica) Robert Oppenheimer
71%
1892 Leader comunista jugoslavo (fondatore della Jugoslavia socialista) Josip Broz Tito
67%
1942 Boxeur (campione del mondo, leggenda dello sport) Muhammad Ali
67%
1901 Imprenditore e animatore (padre dell'animazione cinematografica) Walt Disney
67%
1920 Papa polacco (pontificato più lungo, sostenitore della caduta del comunismo) Giovanni Paolo II
66%
1926 Leader cubano (rivoluzione cubana) Fidel Castro
65%
1903 Autore (1984, La fattoria degli animali) George Orwell
64%
1892 Scrittore (Il signore degli anelli) J.R.R. Tolkien
64%
1928 Rivoluzionario argentino (guerriglia, Cuba) Che Guevara
63%
1935 Musicista (Re del Rock and Roll) Elvis Presley
63%
1931 Leader sovietico (dissoluzione dell'URSS) Mikhail Gorbaciov
62%
1955 Imprenditore e filantropo (Fondatore di Microsoft) Bill Gates
60%
1889 Attore e regista (Tempi moderni, Il grande dittatore) Charlie Chaplin
59%
1917 Presidente degli USA (crisi missilistica, guerra fredda) John F. Kennedy
59%
1883 Stilista francese (rivoluzione del concetto di femminilità) Coco Chanel
56%
1935 Leader spirituale tibetano (promotore della pace) Tenzin Gyatso (Dalai Lama)
51%
1925 Primo ministro britannico (prima donna, politiche neoliberiste) Margaret Thatcher
46%
1928 Regista cinematografico (2001: Odissea nello spazio, Shining) Stanley Kubrick
46%
1882 Presidente degli USA (New Deal, Seconda Guerra Mondiale) Franklin D. Roosevelt
45%
1926 Attrice (A qualcuno piace caldo) Marilyn Monroe
45%
1881 Scienziato (penicillina) Alexander Fleming
44%
1928 Artista (fondatore della Pop Art) Andy Warhol
43%
1899 Regista cinematografico (Psycho, Vertigo) Alfred Hitchcock
40%
1915 Leader cileno (regime militare) Augusto Pinochet
39%
1929 Attrice (Colazione da Tiffany) Audrey Hepburn
36%
1912 Matematico britannico (padre dell’informatica) Alan Turing
34%
1925 Leader cambogiano (genocidio dei Khmer rossi) Pol Pot
31%
1942 Fisico (teoria dei buchi neri, cosmologia) Stephen Hawking
30%
1915 Regista cinematografico (Quarto potere) Orson Welles
22%
1901 Fisico tedesco (principio di indeterminazione) Werner Karl Heisenberg
22%
1883 Economista (Teoria generale sull'occupazione, terza via) John Maynard Keynes
15%
1885 Fisico (teoria della meccanica quantistica) Niels Bohr
12%
Nessun quiz corrispondente trovato
Distribuzione punteggi
Percentuale di utenti per punteggio
Percentile per numero di risposta
I tuoi punteggi nel tempo
Non hai fatto questo quiz